000 00790nam a2200229Ia 4500
001 16914
003 GE_BSU
008 181216s||||||||xx |||||||||||||| ||und||
040 _cGE_BSU
080 _a821.353.1-31
100 _aდადიანი, შ.
245 _aგვირგვილიანების ოჯახი
245 _bრომანი
245 _cსერგი ჭილაიას შესავ. წერილით.რედ.რედ.ა.გაბესკირია
260 _aთბილისი
260 _bსაბჭ. საქართველო
260 _c1960
300 _a527გვ.20სმ.
653 _aგვირგვილიანების ოჯახი
653 _aრომანი
942 _cBK
999 _c49978
_d49978